Statistics for Biggest Arabic-Speaking Cities Quiz

Click here to take the quiz!

General Stats

  • This quiz has been taken 564 times
  • The average score is 23 of 30

Answer Stats

PopulationCity% Correct
21.5 milCairo
98%
7.15 milBaghdad
94%
8.40 milRiyadh
94%
5.70 milDubai
93%
5.95 milAlexandria
91%
4.02 milAlgiers
90%
3.90 milDamascus
90%
5.55 milCasablanca
88%
1.58 milAbu Dhabi
86%
2.72 milTunis
86%
2.30 milDoha
85%
2.20 milMecca
85%
5.70 milAmman
84%
1.79 milBeirut
84%
2.07 milRabat
84%
5.50 milKuwait City
83%
2.90 milSana'a
83%
1.33 milMuscat
81%
5.15 milJeddah
80%
6.50 milKhartoum
80%
1.94 milAleppo
74%
1.59 milMedina
71%
1.57 milManama
66%
1.29 milFes
60%
1.43 milMosul
51%
1.56 milBasra
49%
2.57 milDammam
48%
1.51 milOran
47%
2.02 milGaza
45%
1.31 milNouakchott
36%

Score Distribution

Percentile by Number Answered

Percent of People with Each Score

Your Score History

You have not taken this quiz